| 000 | 00439nam a2200133Ia 4500 | ||
|---|---|---|---|
| 008 | 230907s9999||||xx |||||||||||||| ||und|| | ||
| 082 |
_a621.31 _bSAN |
||
| 100 |
_aSantoso, Surya. _9115431 |
||
| 245 | 0 | _aFundamentals of electric power quality / | |
| 260 |
_aPublished by Surya Santoso through CreateSpace, _bAustin, Tex. : _c2012 |
||
| 300 | _axxvi, 273 p. : | ||
| 650 |
_aTextbooks. Textbooks. Textbooks. Textbooks. _9115432 |
||
| 942 | _cBK | ||
| 999 |
_c598351 _d598351 |
||